| 000 | 01092nam a22003257a 4500 | ||
|---|---|---|---|
| 001 | 0004932 | ||
| 003 | KOHA_MİRAKIL | ||
| 005 | 20260207001430.0 | ||
| 007 | ta | ||
| 008 | 090508b1990 us |||gr||||#0|||1|eng | | ||
| 020 | _a0312003420 | ||
| 040 |
_aTR-BiSEU _btur _cTR-BiSEU _erda |
||
| 041 | 0 | _aeng | |
| 044 | _cus | ||
| 050 |
_aPE1408 _b.K56 1990 |
||
| 100 | 1 | _aKiniry, Malcolm.. | |
| 245 | 1 |
_aCritical strategies for academic writing: cases, assignments, and readings/ _cMalcolm. Kiniry ; Malcolm Kiniry, Mike Rose. |
|
| 264 | 1 |
_aBoston : _bBedford Books of St. Martin's Press _c1990 |
|
| 300 | _axix, 748 sayfa | ||
| 336 |
_ametin _btxt _2rdacontent |
||
| 337 |
_aaracısız _bn _2rdamedia |
||
| 338 |
_acilt _bnc _2rdacarrier |
||
| 500 | _aIncludes bibliographical references and index. | ||
| 650 | 0 |
_aEnglish language--Rhetoric--Problems, exercises etc. _911838 |
|
| 650 | 0 |
_aCritical thinking--Problems, exercises etc. _912075 |
|
| 650 | 0 |
_aAcademic writing--Problems, exercises etc. _911881 |
|
| 650 | 0 |
_aCollege readers. _911880 |
|
| 907 | _aDil | ||
| 942 |
_2lcc _cBK |
||
| 999 |
_c4914 _d4914 |
||